|
|
|
|
| LEADER |
00000cam a22000004a 4500 |
| 001 |
musev2_38577 |
| 003 |
MdBmJHUP |
| 005 |
20230905044043.0 |
| 006 |
m o d |
| 007 |
cr||||||||nn|n |
| 008 |
150420s1967 nyu o 00 0 eng d |
| 020 |
|
|
|a 9781610445177
|
| 020 |
|
|
|z 9780871548634
|
| 035 |
|
|
|a (OCoLC)907642608
|
| 040 |
|
|
|a MdBmJHUP
|c MdBmJHUP
|
| 100 |
1 |
|
|a Suchman, Edward Allen,
|e author.
|
| 245 |
1 |
0 |
|a Evaluative Research :
|b Principles and Practice in Public Service and Social Action Progr /
|c Edward A. Suchman.
|
| 264 |
|
1 |
|a New York :
|b Russel Sage Foundation,
|c 1967.
|
| 264 |
|
3 |
|a Baltimore, Md. :
|b Project MUSE,
|c 2016
|
| 264 |
|
4 |
|c ©1967.
|
| 300 |
|
|
|a 1 online resource (196 pages).
|
| 336 |
|
|
|a text
|b txt
|2 rdacontent
|
| 337 |
|
|
|a computer
|b c
|2 rdamedia
|
| 338 |
|
|
|a online resource
|b cr
|2 rdacarrier
|
| 505 |
0 |
|
|a Foreword by Leonard S. Cottrell, Jr. ; Acknowledgments ; Chapter I. An Introduction to Evaluative Research ; Chapter II. The Growth and Current Status of Evaluation ; Chapter III. Concepts and Principles of Evaluation ; Chapter IV. Types and Categories of Evaluation ; Chapter V. The Conduct of Evaluative Research ; Chapter VI. The Evaluative Research Design ; Chapter VII. The Measurement of Effects ; Chapter VIII. Evaluation and Program Administration ; Chapter IX. The Administration of Evaluation Studies ; Chapter X. The Social Experiment and the Future of Evaluative Research.
|
| 588 |
|
|
|a Description based on print version record.
|
| 650 |
0 |
7 |
|a Sozialdienst.
|2 swd
|
| 650 |
1 |
7 |
|a Evaluatie.
|2 gtt
|
| 650 |
1 |
7 |
|a Sociale problemen.
|2 gtt
|
| 650 |
1 |
7 |
|a Sociale verandering.
|2 gtt
|
| 650 |
|
7 |
|a Sozialpolitik
|2 gnd
|
| 650 |
|
7 |
|a Evaluation
|2 gnd
|
| 650 |
|
7 |
|a Evaluation research (Social action programs)
|2 fast
|0 (OCoLC)fst00916979
|
| 650 |
|
7 |
|a SOCIAL SCIENCE
|x Research.
|2 bisacsh
|
| 650 |
|
7 |
|a research (function)
|2 aat
|
| 650 |
|
6 |
|a Planification sociale.
|
| 650 |
|
6 |
|a Recherche.
|
| 650 |
|
6 |
|a Recherche evaluative (Programmes d'action sociale)
|
| 650 |
|
3 |
|a Research.
|
| 650 |
|
3 |
|a Public services and goods.
|
| 650 |
|
3 |
|a Program evaluation.
|
| 650 |
|
2 |
|a Social Planning
|
| 650 |
|
2 |
|a Research
|
| 650 |
|
1 |
|a Evaluation research (Social action programs)
|
| 650 |
|
0 |
|a Social planning.
|
| 650 |
|
0 |
|a Research.
|
| 650 |
|
0 |
|a Evaluation research (Social action programs)
|
| 655 |
|
7 |
|a Electronic books.
|2 local
|
| 710 |
2 |
|
|a Project Muse.
|e distributor
|
| 830 |
|
0 |
|a Book collections on Project MUSE.
|
| 856 |
4 |
0 |
|z Texto completo
|u https://projectmuse.uam.elogim.com/book/38577/
|
| 945 |
|
|
|a Project MUSE - Custom Collection
|
| 945 |
|
|
|a Project MUSE - Archive Complete Supplement IV
|
| 945 |
|
|
|a Project MUSE - Archive Political Science and Policy Studies Supplement IV
|